000 004470000a22001810004500
003 MACL
005 20151003115844.0
008 151003b xxu||||| |||| 00| 0 eng d
040 _aMACL
_cMACL
041 _aEnglish
082 _a900/BIS
100 _aBiswas, Anirban
_92404
245 _aThe Cowrie Currency And Monetary History Of India
260 _aKolkata
_bCAMP
_c2006
350 _a100
650 _aHistory
_913378
942 _cBK
_k900
_2ddc
999 _c1657
_d1657